<?xml version="1.0" encoding="UTF-8"?>
<record
    xmlns:xsi="http://www.w3.org/2001/XMLSchema-instance"
    xsi:schemaLocation="http://www.loc.gov/MARC21/slim http://www.loc.gov/standards/marcxml/schema/MARC21slim.xsd"
    xmlns="http://www.loc.gov/MARC21/slim">

  <leader>01109nam2a22002531  4500</leader>
  <controlfield tag="001">RU\NLR\INFOCOMM4\1000595947</controlfield>
  <controlfield tag="005">20250617141011.0</controlfield>
  <datafield tag="035" ind1=" " ind2=" ">
    <subfield code="a">(NLR Aleph) 002653443</subfield>
  </datafield>
  <datafield tag="090" ind1=" " ind2=" ">
    <subfield code="a">3891679</subfield>
    <subfield code="c">3891679</subfield>
  </datafield>
  <datafield tag="100" ind1=" " ind2=" ">
    <subfield code="a">20040726d1984    |||y0rusy50      ca</subfield>
  </datafield>
  <datafield tag="101" ind1="0" ind2=" ">
    <subfield code="a">rus</subfield>
  </datafield>
  <datafield tag="102" ind1=" " ind2=" ">
    <subfield code="a">RU</subfield>
  </datafield>
  <datafield tag="105" ind1=" " ind2=" ">
    <subfield code="a">y   |||||||||</subfield>
  </datafield>
  <datafield tag="200" ind1="1" ind2=" ">
    <subfield code="a">&#x412;&#x438;&#x440;&#x443;&#x441;&#x43D;&#x44B;&#x435; &#x438; &#x432;&#x438;&#x440;&#x443;&#x441;&#x43E;&#x43F;&#x43E;&#x434;&#x43E;&#x431;&#x43D;&#x44B;&#x435; &#x437;&#x430;&#x431;&#x43E;&#x43B;&#x435;&#x432;&#x430;&#x43D;&#x438;&#x44F; &#x43B;&#x435;&#x441;&#x43D;&#x44B;&#x445; &#x43F;&#x43E;&#x440;&#x43E;&#x434; &#x438; &#x431;&#x43E;&#x440;&#x44C;&#x431;&#x430; &#x441; &#x43D;&#x438;&#x43C;&#x438;</subfield>
    <subfield code="f">&#x41F;.&#x412;. &#x414;&#x435;&#x440;&#x435;&#x432;&#x44F;&#x43D;&#x43A;&#x438;&#x43D;</subfield>
  </datafield>
  <datafield tag="210" ind1=" " ind2=" ">
    <subfield code="d">1984</subfield>
    <subfield code="a">&#x411;. &#x43C;.</subfield>
  </datafield>
  <datafield tag="461" ind1=" " ind2="0">
    <subfield code="1">001RU\NLR\INFOCOMM4\1000595935</subfield>
    <subfield code="1">2001#$a&#x41E;&#x445;&#x440;&#x430;&#x43D;&#x430; &#x438; &#x437;&#x430;&#x449;&#x438;&#x442;&#x430; &#x43B;&#x435;&#x441;&#x430;$e&#x41E;&#x431;&#x437;&#x43E;&#x440;. &#x438;&#x43D;&#x444;&#x43E;&#x440;&#x43C;.$f&#x413;&#x43E;&#x441;. &#x43A;&#x43E;&#x43C;. &#x421;&#x421;&#x421;&#x420; &#x43F;&#x43E; &#x43B;&#x435;&#x441;&#x43D;. &#x445;&#x43E;&#x437;-&#x432;&#x443; &#x426;&#x411;&#x41D;&#x422;&#x418;$v1984, &#x412;&#x44B;&#x43F;.2</subfield>
    <subfield code="9">3887176</subfield>
    <subfield code="c">&#x41C;.</subfield>
    <subfield code="d">1979-1988</subfield>
    <subfield code="f">&#x413;&#x43E;&#x441;. &#x43A;&#x43E;&#x43C;. &#x421;&#x421;&#x421;&#x420; &#x43F;&#x43E; &#x43B;&#x435;&#x441;&#x43D;. &#x445;&#x43E;&#x437;-&#x432;&#x443; &#x426;&#x411;&#x41D;&#x422;&#x418;</subfield>
    <subfield code="o">&#x41E;&#x431;&#x437;&#x43E;&#x440;. &#x438;&#x43D;&#x444;&#x43E;&#x440;&#x43C;.</subfield>
    <subfield code="t">&#x41E;&#x445;&#x440;&#x430;&#x43D;&#x430; &#x438; &#x437;&#x430;&#x449;&#x438;&#x442;&#x430; &#x43B;&#x435;&#x441;&#x430;</subfield>
    <subfield code="x">0130-9129</subfield>
    <subfield code="v">1984, &#x412;&#x44B;&#x43F;.2</subfield>
  </datafield>
  <datafield tag="700" ind1=" " ind2="1">
    <subfield code="a">&#x414;&#x435;&#x440;&#x435;&#x432;&#x44F;&#x43D;&#x43A;&#x438;&#x43D;</subfield>
    <subfield code="b">&#x41F;.&#x412;.</subfield>
    <subfield code="4">070</subfield>
  </datafield>
  <datafield tag="801" ind1=" " ind2="1">
    <subfield code="a">RU</subfield>
    <subfield code="b">InfoComm</subfield>
    <subfield code="c">20040726</subfield>
  </datafield>
  <datafield tag="801" ind1=" " ind2="0">
    <subfield code="a">RU</subfield>
    <subfield code="b">NLR</subfield>
    <subfield code="g">PSBO</subfield>
  </datafield>
  <datafield tag="852" ind1=" " ind2=" ">
    <subfield code="a">NLR</subfield>
    <subfield code="j">&#x41F;13/1609</subfield>
  </datafield>
  <datafield tag="942" ind1=" " ind2=" ">
    <subfield code="c">ISSUE</subfield>
  </datafield>
  <datafield tag="980" ind1=" " ind2=" ">
    <subfield code="a">NB</subfield>
  </datafield>
  <datafield tag="980" ind1=" " ind2=" ">
    <subfield code="a">RUSPER</subfield>
  </datafield>
</record>
